Central Library OPAC University of Rajshahi

Evolution, politics and charisma : (Record no. 80112)

MARC details
000 -LEADER
fixed length control field 00648nam a2200229 a 4500
001 - CONTROL NUMBER
control field 80112
003 - CONTROL NUMBER IDENTIFIER
rucl marc code BD-RjUL
005 - DATE AND TIME OF LATEST TRANSACTION
control field 20220724160301.0
008 - FIXED-LENGTH DATA ELEMENTS--GENERAL INFORMATION
fixed length control field 220724s2019 nyu||||| |||| 00| 0 eng d
020 ## - INTERNATIONAL STANDARD BOOK NUMBER
International Standard Book Number 9781138625037
International Standard Book Number 9781138625044
035 ## - SYSTEM CONTROL NUMBER
System control number (BD-RjUL)80112
040 ## - CATALOGING SOURCE
Original cataloging agency BD-RjUL
Language of cataloging eng
Transcribing agency BD-RjUL
041 ## - LANGUAGE CODE
Language code of text/sound track or separate title eng
082 ## - DEWEY DECIMAL CLASSIFICATION NUMBER
Edition number 23
Classification number 320.5662
Author mark and year ZEE 2019
100 ## - MAIN ENTRY--PERSONAL NAME
Personal name Zehndorfer, Elesa
9 (RLIN) 4100
245 ## - TITLE STATEMENT
Title Evolution, politics and charisma :
Remainder of title why do populists win? /
Statement of responsibility, etc. Elesa Zehndorfer.
260 ## - PUBLICATION, DISTRIBUTION, ETC. (IMPRINT)
Place of publication, distribution, etc. New York, NY :
Name of publisher, distributor, etc. Routledge,
Date of publication, distribution, etc. ©2019
300 ## - PHYSICAL DESCRIPTION
Pagination xii, 160 pages ;
Size 23 cm.
650 ## - SUBJECT ADDED ENTRY--TOPICAL TERM
Topical term or geographic name as entry element Populism
9 (RLIN) 4101
942 ## - ADDED ENTRY ELEMENTS (KOHA)
Source of classification or shelving scheme Dewey Decimal Classification
Koha item type Books
Holdings
Lost status Source of classification or shelving scheme Damaged status Not for loan Collection code Permanent Location Current Location Shelving location Date acquired Source of acquisition Cost, normal purchase price Total Checkouts Full call number Date last seen Copy number Koha item type
  Dewey Decimal Classification   Not For Loan Non-fiction Central Library, University of Rajshahi Central Library, University of Rajshahi Reading Room 25/04/2022 Paragon Enterprise, Dhaka 5429.00   320.5662 ZEE 2019 24/07/2022 C-1 Books
  Dewey Decimal Classification     Non-fiction Central Library, University of Rajshahi Central Library, University of Rajshahi General Stacks 25/04/2022 Paragon Enterprise, Dhaka 5429.00   320.5662 ZEE 2019 24/07/2022 C-2 Books
  Dewey Decimal Classification     Non-fiction Central Library, University of Rajshahi Central Library, University of Rajshahi General Stacks 25/04/2022 Paragon Enterprise, Dhaka 5429.00   320.5662 ZEE 2019 24/07/2022 C-3 Books
  Dewey Decimal Classification     Non-fiction Central Library, University of Rajshahi Central Library, University of Rajshahi General Stacks 26/06/2022 Paragon Enterprise, Dhaka 5429.00   320.5662 ZEE 2019 24/07/2022 C-4 Books
  Dewey Decimal Classification     Non-fiction Central Library, University of Rajshahi Central Library, University of Rajshahi General Stacks 26/06/2022 Paragon Enterprise, Dhaka 5429.00   320.5662 ZEE 2019 24/07/2022 C-5 Books